|
|
|
|
| LEADER |
01157cam a2200313 a 4500 |
| 001 |
c000219433 |
| 003 |
CARM |
| 005 |
20060802170201.0 |
| 008 |
961004s1996 dcua b i000 0 eng |
| 010 |
|
|
|a 96045174
|
| 019 |
1 |
|
|a 12862800
|5 LACONCORD2021
|
| 020 |
|
|
|a 1557755787 (recycled paper)
|
| 035 |
|
|
|a (OCoLC)35770902
|5 LACONCORD2021
|
| 040 |
|
|
|a LC
|b eng
|c LC
|d LC
|
| 043 |
|
|
|a e------
|
| 050 |
0 |
0 |
|a HD5764.A6
|b E27 1996
|
| 082 |
0 |
0 |
|a 331.13/794
|2 21
|
| 245 |
0 |
0 |
|a Economic policies and unemployment dynamics in Europe /
|c editors, S.G.B. Henry, Dennis J. Snower.
|
| 260 |
|
|
|a Washington, D.C., U.S.A. :
|b International Monetary Fund,
|c 1996.
|
| 300 |
|
|
|a vii, 216 p. :
|b ill. ;
|c 23 cm.
|
| 504 |
|
|
|a Includes bibliographical references.
|
| 650 |
|
0 |
|a Unemployment
|z Europe.
|
| 650 |
|
0 |
|a Labor policy
|z Europe.
|
| 650 |
|
0 |
|a Labor market
|z Europe.
|
| 700 |
1 |
|
|a Henry, S. G. B.
|
| 700 |
1 |
|
|a Snower, Dennis J.
|
| 852 |
8 |
|
|b CARM
|h A2:AN06A0
|i B06353
|p 0312774
|f BK
|
| 999 |
f |
f |
|i f9b723f0-d32e-5521-95c1-ac413e89c86e
|s 1b2c2b4a-e3a7-5252-bb18-dad37dc25f7b
|
| 952 |
f |
f |
|p Can circulate
|a CAVAL
|b CAVAL
|c CAVAL
|d CARM 1 Store
|e B06353
|f A2:AN06A0
|h Other scheme
|i book
|m 0312774
|